50 Best Selling Songs of 2013 (UK) - Statistics

General Stats
  • This quiz has been taken 434 times
  • The average score is 17 of 50
Answer Stats
Hint Answer % Correct
Robin Thicke Blurred Lines
90%
Passenger Let Her Go
81%
Macklemore and Ryan Lewis Thrift Shop
79%
Daft Punk Get Lucky
78%
PSY Gangnam Style
68%
Bastille Pompeii
68%
Avicii Wake Me Up
65%
Naughty Boy La La La
61%
Justin Timberlake Mirrors
59%
Imagine Dragons Radioactive
57%
Macklemore and Ryan Lewis Cant Hold Us
54%
Icona Pop I Love It
48%
Will.I.am ft Britney Spears Scream and Shout
46%
Pink Just Give Me A Reason
45%
James Arthur Impossible
38%
Taylor Swift 22
36%
Swedish House Mafia Dont You Worry Child
35%
The Lumineers Ho Hey
35%
Taylor Swift I Knew You Were Trouble
35%
John Newman Love Me Again
34%
Taylor Swift ft Ed Sheeran Everything Has Changed
33%
Rihanna Diamonds
31%
Olly Murs Troublemaker
31%
Bruno Mars Locked Out Of Heaven
30%
Calvin Harris ft Ellie Goulding I Need Your Love
28%
Bruno Mars When I Was Your Man
28%
Justin Timberlake Suit And Tie
26%
Demi Lovato Heart Attack
25%
Rihanna Stay
25%
Bridget Mendler Ready Or Not
22%
Rudimental Waiting All Night
22%
Pitbull ft Christina Aguilera Feel This Moment
20%
Bauuer Harlem Shake
20%
Will.I.am ft Justin Bieber That Power
20%
Olly Murs Dear Darlin
15%
Disclosure White Noise
15%
Will.I.am Bang Bang
14%
Emeli Sande Clown
14%
Calvin Harris ft Tinie Tempah Drinking From The Bottle
14%
One Direction One Way Or Another
13%
The Saturdays What About Us
12%
Jessie J Wild
12%
Duke Dumont Need U
11%
Bingo Players ft Far East Movement Get Up
10%
Jason Derulo The Other Side
10%
Armin Van Buuren This Is What It Feels Like
10%
Nelly Hey Porsche
9%
Avicii I Could Be The One
9%
Chris Malinchak So Good To Me
7%
David Guetta Play Hard
4%
No matching quizzes found
Score Distribution
Percent of People with Each Score
Percentile by Number Answered
Your Score History
You have not taken this quiz